000 00570nam a2200217Ia 4500
003 OSt
005 20220928141144.0
006 a|||||r|||| 00| 0
007 ta
008 220927b |||||||| |||| 00| 0 eng d
024 _a13925
037 _cTextual
040 _aSDCL
_cSDCL
_beng
041 _2eng
_aeng
082 _aO-,L:g, M4
100 _aBogel Fredric
_9499284
245 0 _aLIterature and insubstantiality in later eighteenth century England.
260 _c1984
942 _hO-,L:g, M4
_cTEXL
_2CC
999 _c816334
_d816334